00635nam a2200181 i 450000100060000000300090000600500170001500700030003200800410003510000280007624501170010425000500022126000900027130000280036160000240038965000190041385200210043251642ES-MaACL20230906162411.0t|030814s1911 xxu ||||1| eng d1 aDana, Edward Salisbury.14aThe system of mineralogy of Jame Dwight Dana, 1837-1868 b: descriptive minerology / cby Edward Salisbury Dana. a6th ed. enterely rewritten and much enlarged. aNew York : bJohn Wiley and Sons, c1911 (eBrooklyn : fRobert Brummond and Company) a3 t. en 1 v. ; c26 cm.14aDana, James Dwight.00aMineralogía. aES-MaACLjF-1222